Hombre y animal : estudios sobre comportamiento /

Guardado en:
Detalles Bibliográficos
Autor principal: Friedrich, Heinz (edición)
Otros autores: Lorenz, Konrad (autor) (autor), Cruz Herce, Alfredo (traducción) (traducción)
Formato: Libro
Idioma:Español
Publicado: México : CONACYT, 1981, c1981
Etiquetas: Agrega una etiqueta
Sin etiquetas, Sé el primero en etiquetar este registro!

MARC

LEADER 00000nam^a2200000^a^4500
001 000578956
005 20250521000000.0
009 20260310132520.111
020 |a 968-823-069-3 
037 |a Acervo ITESO - Biblioteca 
041 |a ESP 
091 |a FLG. 00517 
100 |a Friedrich, Heinz  |e (edición) 
245 1 0 |a Hombre y animal :  |b estudios sobre comportamiento / 
264 4 |a México :  |b CONACYT,  |c 1981, c1981 
300 |a XIII, 144 p. 
336 |a texto  |b txt  |2 rdacontenido 
337 |a sin mediación  |b n  |2 rdamedio 
338 |a volumen  |b nc  |2 rdasoporte 
649 |a XX 
700 |a Lorenz, Konrad  |e (autor) 
700 |a Cruz Herce, Alfredo  |e (traducción) 
910 |a Fondo Luis González de Alba 
920 |a Impresos - Libros 
930 |a Fondos Especiales 
905 |a 141 
901 |a 0500398159  |b IT2  |c ESP  |i D101562  |u 20250521 
902 |a https://opac.biblio.iteso.mx/vufind/Record/000578956